1811 1624 1788 1847 1784 1940 1812 1351 1879 1068 1365 1694 1950 1430 1925 1315 1936 1091 1044 1741 1008 1109 1154 1058 1924 1185 1305 1302 1866 1043 1626 1526 1298 1284 1555 1170 1705 1382 1740 1892 1568 1953 1957 1128 1988 1611 1529 1173 1753 1169 1483 1871 1619 1046 1694 1022 1014 1135 1230 1793 1434 1831 1540 1791 1462 1601 1299 1132 1725 1276 1116 1681 1275 1102 1078 1723 1298 1477 1558 1131 1227 1965 1204 1444 1275 1347 1020 1523 1844 1801 1520 1435 1077 1656 1179 1655 1519 1933 1717 BCNSPRNW ULIB Ver.6.0+V

เปลี่ยนเป็นภาษาไทย

Change to English
 แสดงรายละเอียดบรรณานุกรม
  กลับหน้าหลัก

Brief Record : Get Marc (ISO 2709) : E-mail record : QR code < ปิดหน้าต่าง
LEADER : 00000nam 2200000uu 4500
001    13399112206
003     ULIB
008    110801s2554||||th 000 0 tha d
020    9786160603510
090    นว.^bอ525ป 2554
100 0  อัญชรีย์
245 00 ปรายใจ/^cอัญชรีย์
250    พิมพ์ครั้งที่ 4
260    กรุงเทพฯ:^bแจ่มใส, 2554
300    416 หน้า
945    ^p249^l0^i18461
995    เกษร
999 ^a ใช้งานได้ทุกระบบ
รายการนี้ยังไม่มีแท็ก
คุณยังไม่ได้ล็อกอิน คุณสามารถมีกิจกรรมร่วมกับเว็บไซต์ได้ แต่ต้องล็อกอินก่อน ::
  ล็อกอิน

รายการสื่อสารสนเทศ

ลำดับที่ ประเภท เลขเรียก/บาร์โค้ด สถานที่ สถานะ
1. วิทยาศาสตร์การแพทย์ และสุขภาพ
วิทยาศาสตร์การแพทย์ และสุขภาพ
นว. อ525ป 2554  
  Barcode: 18461
ห้องสมุดวิทยาเขตสวรรค์ประชารักษ์
►นวนิยาย
บนชั้น
  ขอยืม

รายการใกล้เคียง
    ผู้แต่ง [อัญชรีย์]

BibComment


ยังไม่เคยถูกคอมเมนท์

คอมเมนท์ทรัพยากรรายการนี้
  คอมเมนท์: ปรายใจ อัญชรีย์


 Copyright 2026. Bcnsprnw @Library